[Event "GRE-chT 49th"]
[Site "Thessaloniki"]
[Date "2022.08.16"]
[Round "6"]
[White "Kouroglou, Konstantinos"]
[Black "Babalikis, Alexandros"]
[Result "1-0"]
[WhiteElo "1699"]
[BlackElo "1830"]
[PlyCount "49"]
[EventDate "2022.08.12"]
[EventType "team-swiss"]
[EventRounds "7"]
[EventCountry "GRE"]
[SourceTitle "EXT 2024"]
[Source "ChessBase"]
[SourceDate "2023.10.10"]
[SourceVersion "1"]
[SourceVersionDate "2023.10.10"]
[SourceQuality "1"]
[WhiteTeam "Patras EA"]
[BlackTeam "Kozanis Aetoi"]
[WhiteTeamCountry "GRE"]
[BlackTeamCountry "GRE"]

1. d4 Nf6 2. c4 g6 3. Nc3 Bg7 4. g3 d6 5. Bg2 0-0 6. Nf3 Nbd7 7. 0-0 e5 8. e4 a5 9. dxe5 dxe5 10. Qc2 c6 11. h3 Qc7 12. Be3 Re8 13. c5 Nf8 14. Na4 Be6 15. Nb6 Ra7 16. Nd2 N8d7 17. Ndc4 Bf8 18. Na4 Bxc4 19. Qxc4 Raa8 20. a3 Kg7 21. f4 Nh5 22. f5 Ndf6 23. Rf3 gxf5 24. Rxf5 Re6 25. Bf3 1-0

[Event "FIDE World Uni Blitz-A 1st"]
[Site "Tornelo INT"]
[Date "2021.03.13"]
[Round "6.36"]
[White "Kouroglou, Konstantinos"]
[Black "Danilova, Rada"]
[Result "0-1"]
[WhiteElo "1724"]
[BlackElo "2048"]
[PlyCount "98"]
[EventDate "2021.03.13"]
[EventType "swiss (blitz)"]
[EventRounds "10"]
[EventCountry "NET"]
[SourceTitle "EXT 2022"]
[Source "ChessBase"]
[SourceDate "2021.10.06"]
[SourceVersion "1"]
[SourceVersionDate "2021.10.06"]
[SourceQuality "1"]

1. e4 c5 2. Nf3 Nc6 3. Bb5 g6 4. 0-0 Nf6 5. Re1 Bg7 6. c3 0-0 7. d4 cxd4 8. cxd4 d5 9. e5 Ne4 10. h3 Bf5 11. Nc3 Nxc3 12. bxc3 Rc8 13. Qa4 a6 14. Bf1 Na5 15. Ba3 b5 16. Qb4 Re8 17. Nd2 Nc4 18. Nxc4 dxc4 19. g4 Be6 20. Bg2 Bd5 21. Qb1 Bxg2 22. Kxg2 Qd5+ 23. Qe4 Qxe4+ 24. Rxe4 e6 25. Re2 f6 26. f4 g5 27. exf6 Bxf6 28. Rae1 Kf7 29. fxg5 Bxg5 30. Kg3 Bf6 31. h4 h6 32. Rf1 Kg7 33. Ref2 Bd8 34. Rf7+ Kg8 35. Bc1 e5 36. dxe5 Bc7 37. Bxh6 Bxe5+ 38. Kg2 Rcd8 39. h5 Bxc3 40. Bc1 Re2+ 41. Kg3 Be5+ 42. Kh4 Rh2+ 43. Kg5 Bg7 44. R7f5 Kh7 45. Rf7 Rd5+ 46. R1f5 Rxf5+ 47. Kxf5 Kg8 48. Rb7 Rf2+ 49. Kg6 Rf6+ 0-1

[Event "FIDE World Uni Blitz-A 1st"]
[Site "Tornelo INT"]
[Date "2021.03.13"]
[Round "2.32"]
[White "Ursan, Petru Sebastian"]
[Black "Kouroglou, Konstantinos"]
[Result "1-0"]
[WhiteElo "2225"]
[BlackElo "1724"]
[PlyCount "81"]
[EventDate "2021.03.13"]
[EventType "swiss (blitz)"]
[EventRounds "10"]
[EventCountry "NET"]
[SourceTitle "EXT 2022"]
[Source "ChessBase"]
[SourceDate "2021.10.06"]
[SourceVersion "1"]
[SourceVersionDate "2021.10.06"]
[SourceQuality "1"]

1. e4 c5 2. Nf3 d6 3. c4 Nf6 4. Nc3 Bg4 5. Be2 Nc6 6. 0-0 g6 7. h3 Bxf3 8. Bxf3 Bg7 9. d3 0-0 10. g3 a6 11. Bg2 Rb8 12. a4 Nd4 13. Be3 Nd7 14. a5 e6 15. Kh2 b5 16. axb6 Qxb6 17. Ra2 Ne5 18. f4 Nec6 19. f5 Qb3 20. f6 Bh8 21. Qxb3 Rxb3 22. Rxa6 Rxb2 23. Bxd4 Nxd4 24. Rxd6 Rfb8 25. e5 h5 26. Ne4 Ra2 27. h4 Nf5 28. Rxf5 gxf5 29. Ng5 Ra7 30. Kh3 Rc7 31. Bf3 Rcc8 32. Bxh5 Rb7 33. g4 fxg4+ 34. Kxg4 Rf8 35. Kf4 Rb1 36. Rd7 Rf1+ 37. Kg3 Bxf6 38. exf6 Rxf6 39. Bxf7+ Kh8 40. Bxe6 Rg6 41. Rh7# 1-0

[Event "GRE-ch U16"]
[Site "Achaia"]
[Date "2017.06.27"]
[Round "3"]
[White "Kouroglou, Konstantinos"]
[Black "Bardis, Harilaos Panagiotis"]
[Result "1-0"]
[WhiteElo "1533"]
[BlackElo "1797"]
[PlyCount "55"]
[EventDate "2017.06.26"]
[EventType "swiss"]
[EventRounds "9"]
[EventCountry "GRE"]
[SourceTitle "CBM 179 Extra"]
[Source "ChessBase"]
[SourceDate "2017.08.23"]
[SourceVersion "1"]
[SourceVersionDate "2017.08.23"]
[SourceQuality "1"]

1. e4 e5 2. Nf3 Nc6 3. Bc4 Bc5 4. 0-0 Nf6 5. d3 0-0 6. Bg5 Be7 7. Re1 d6 8. c3 Bg4 9. Nbd2 Nh5 10. Be3 g6 11. h3 Bd7 12. a4 Bf6 13. d4 Bg7 14. Nf1 h6 15. Qd2 Kh7 16. g4 Nf6 17. Ng3 Ng8 18. Kg2 Qe7 19. Bd3 Rad8 20. d5 Na5 21. Qe2 Nb3 22. Ra3 Nc5 23. Bc2 a5 24. g5 h5 25. Nh4 f6 26. Nxg6 Bg4 27. Nxf8+ Bxf8 28. hxg4 1-0

[Event "GRE-ch U16"]
[Site "Porto Rio"]
[Date "2016.07.04"]
[Round "9"]
[White "Kouroglou, Konstantinos"]
[Black "Paterakis, Emmanouil"]
[Result "0-1"]
[WhiteElo "1473"]
[BlackElo "1782"]
[PlyCount "69"]
[EventDate "2016.06.28"]
[EventType "swiss"]
[EventRounds "9"]
[EventCountry "GRE"]
[SourceTitle "CBM 173 Extra"]
[Source "ChessBase"]
[SourceDate "2016.08.29"]
[SourceVersion "1"]
[SourceVersionDate "2016.08.29"]
[SourceQuality "1"]

1. e4 d6 2. d4 Nf6 3. Nc3 c6 4. f4 Qa5 5. Bd3 e5 6. Nf3 Nbd7 7. 0-0 Be7 8. Kh1 0-0 9. Ne2 Qc7 10. c3 b5 11. Ng3 Re8 12. Nf5 Bf8 13. fxe5 dxe5 14. dxe5 Nxe5 15. Bf4 Nfd7 16. Bc2 Qb6 17. Nd6 Bxd6 18. Qxd6 Nc4 19. Qd1 Nxb2 20. Qe1 Nf6 21. e5 Nd5 22. Bc1 Nc4 23. Bxh7+ Kxh7 24. Ng5+ Kg8 25. Qh4 Be6 26. Qh7+ Kf8 27. Nxe6+ Rxe6 28. Qh8+ Ke7 29. Bg5+ f6 30. exf6+ gxf6 31. Qg7+ Kd6 32. Bxf6 Rae8 33. Bd4 c5 34. Qg3+ Kc6 35. Bg1 0-1

[Event "GRE-ch U14"]
[Site "Rio Achaia"]
[Date "2015.06.26"]
[Round "1.3"]
[White "Mitsis, Georgios"]
[Black "Kouroglou, Konstantinos"]
[Result "1-0"]
[WhiteElo "1982"]
[BlackElo "1498"]
[PlyCount "57"]
[EventDate "2015.06.26"]
[EventType "swiss"]
[EventRounds "9"]
[EventCountry "GRE"]
[SourceTitle "EXT 2024"]
[Source "ChessBase"]
[SourceDate "2023.10.10"]
[SourceVersion "1"]
[SourceVersionDate "2023.10.10"]
[SourceQuality "1"]

1. d4 Nf6 2. Nf3 g6 3. c4 Bg7 4. Nc3 0-0 5. e4 d6 6. Be2 c5 7. 0-0 cxd4 8. Nxd4 Nc6 9. Be3 Ne5 10. f3 b6 11. Qd2 Re8 12. Rac1 h5 13. Rc2 Qd7 14. a4 Ba6 15. b3 Rec8 16. Ra2 Nc6 17. Nxc6 Qxc6 18. Bd4 e6 19. Rd1 Rd8 20. Rc2 Kh7 21. Qg5 Nd7 22. Be3 Nf6 23. Qg3 e5 24. Rcd2 Qc7 25. Kh1 Bh6 26. Bg5 Bxg5 27. Qxg5 Kg7 28. Qxf6+ Kxf6 29. Nd5+ 1-0

[Event "GRE-ch U14"]
[Site "Greece"]
[Date "2014.07.09"]
[Round "8"]
[White "Eleftheriou, Georgios Chr"]
[Black "Kouroglou, Konstantinos"]
[Result "1/2-1/2"]
[WhiteElo "1294"]
[BlackElo "1358"]
[PlyCount "46"]
[EventDate "2014.07.04"]
[EventType "swiss"]
[EventRounds "9"]
[EventCountry "GRE"]
[SourceTitle "EXT 2017"]
[Source "ChessBase"]
[SourceDate "2016.10.25"]
[SourceVersion "1"]
[SourceVersionDate "2016.10.25"]
[SourceQuality "1"]

1. e4 e5 2. Bc4 Nf6 3. d3 Nc6 4. Nc3 Be7 5. f4 d6 6. Nf3 Bg4 7. h3 Bh5 8. g4 Nxg4 9. hxg4 Bxg4 10. Bxf7+ Kxf7 11. Ng5+ Bxg5 12. Qxg4 Bf6 13. Nd5 Nd4 14. Kd1 c6 15. Nxf6 Qxf6 16. c3 Ne6 17. f5 Nf4 18. Bxf4 exf4 19. Qxf4 Rae8 20. Qf3 Ke7 21. d4 Kd7 22. Kc2 Re7 23. Rae1 b5 1/2-1/2

[Event "GRE-ch U14"]
[Site "Greece"]
[Date "2014.07.07"]
[Round "6"]
[White "Kirlidis, Elefterios"]
[Black "Kouroglou, Konstantinos"]
[Result "0-1"]
[WhiteElo "1441"]
[BlackElo "1358"]
[PlyCount "88"]
[EventDate "2014.07.04"]
[EventType "swiss"]
[EventRounds "9"]
[EventCountry "GRE"]
[SourceTitle "EXT 2017"]
[Source "ChessBase"]
[SourceDate "2016.10.25"]
[SourceVersion "1"]
[SourceVersionDate "2016.10.25"]
[SourceQuality "1"]

1. e4 d5 2. exd5 Qxd5 3. Nc3 Qa5 4. d4 Bf5 5. Bd2 c6 6. Nf3 Nf6 7. Bc4 Qc7 8. Bb3 e6 9. 0-0 Bd6 10. Qe2 0-0 11. Bg5 Nbd7 12. Rfe1 Bg4 13. h3 Bh5 14. Ne4 Nxe4 15. Qxe4 h6 16. Bd2 Nf6 17. Qe2 Rfe8 18. Bc3 Nd5 19. Bxd5 exd5 20. Qxe8+ Rxe8 21. Rxe8+ Kh7 22. Rae1 Bxf3 23. gxf3 Qd7 24. Kf1 Qxh3+ 25. Ke2 Qf5 26. Kd1 Qxf3+ 27. R8e2 Bf4 28. Rg1 h5 29. Ke1 h4 30. Bd2 h3 31. Bxf4 Qxf4 32. Re3 h2 33. Rh1 Kg6 34. Rg3+ Kf5 35. Rxh2 Qc1+ 36. Ke2 Qxc2+ 37. Kf1 Qd1+ 38. Kg2 Qxd4 39. f4 Qxb2+ 40. Kh3 Qf6 41. Re2 Qa1 42. Rg5+ Kxf4 43. Rg4+ Kf3 44. Reg2 Qh1+ 0-1

[Event "GRE-ch U12"]
[Site "Patras"]
[Date "2013.07.09"]
[Round "3.9"]
[White "Kouroglou, Konstantinos"]
[Black "Petrakis, Stylianos"]
[Result "0-1"]
[WhiteElo "1420"]
[BlackElo "1552"]
[PlyCount "82"]
[EventDate "2013.07.08"]
[EventType "swiss"]
[EventRounds "9"]
[EventCountry "GRE"]
[SourceTitle "EXT 2024"]
[Source "ChessBase"]
[SourceDate "2023.10.10"]
[SourceVersion "1"]
[SourceVersionDate "2023.10.10"]
[SourceQuality "1"]

1. e4 e6 2. d4 d5 3. e5 c5 4. c3 Nc6 5. Nf3 Bd7 6. a3 Qb6 7. Be2 Nh6 8. Ra2 Nf5 9. Be3 Be7 10. 0-0 Rc8 11. b4 cxd4 12. cxd4 0-0 13. Bd3 Rc7 14. Bxf5 exf5 15. Bf4 Be6 16. Qd2 Rfc8 17. Rd1 a6 18. Qe3 a5 19. Nbd2 axb4 20. Rb1 Qa6 21. Raa1 bxa3 22. Bg5 a2 23. Rb2 Nxd4 24. Nf1 Nxf3+ 25. gxf3 Rc1 26. Qxc1 Rxc1 27. Bxc1 d4 28. Nd2 Bg5 29. Rc2 Qd3 30. Raxa2 h6 31. Rab2 Bd5 32. Rc5 Bxd2 33. Rxd2 Qxf3 34. Rxd5 Qxd5 35. f4 Qc5 36. Bb2 d3+ 37. Kg2 Qb4 38. Rxd3 Qxb2+ 39. Kg3 b5 40. h3 b4 41. Kh4 Qf2+ 0-1

[Event "GRE-ch U12"]
[Site "Patras"]
[Date "2013.07.09"]
[Round "2.6"]
[White "Serpetsidakis, Nikolaos"]
[Black "Kouroglou, Konstantinos"]
[Result "1-0"]
[WhiteElo "1610"]
[BlackElo "1420"]
[PlyCount "65"]
[EventDate "2013.07.08"]
[EventType "swiss"]
[EventRounds "9"]
[EventCountry "GRE"]
[SourceTitle "EXT 2024"]
[Source "ChessBase"]
[SourceDate "2023.10.10"]
[SourceVersion "1"]
[SourceVersionDate "2023.10.10"]
[SourceQuality "1"]

1. d4 Nf6 2. c4 g6 3. Nc3 Bg7 4. e4 d6 5. Nf3 0-0 6. Be2 e5 7. 0-0 Nbd7 8. d5 Nc5 9. Qc2 c6 10. b4 Ncxe4 11. Nxe4 Nxe4 12. Qxe4 f5 13. Qh4 e4 14. Bg5 Qc7 15. Nd2 Bxa1 16. Rxa1 cxd5 17. cxd5 Bd7 18. Be7 Rf7 19. Nc4 Ba4 20. Bxd6 Qd8 21. Qxd8+ Rxd8 22. Bf4 Bb5 23. a4 Bxc4 24. Bxc4 Rc8 25. Ba2 Kg7 26. d6 Rff8 27. d7 Rcd8 28. Be5+ Kh6 29. Rd1 Rfe8 30. Bf6 Rxd7 31. Rxd7 Rc8 32. h4 Rc1+ 33. Kh2 1-0